LIBRARY & INFORMATION CENTRE, KCAET, TAVANUR

ONLINE PUBLIC ACCESS CATALOGUE (OPAC)

Pre degree bijaganitham / (Record no. 6209)

MARC details
000 -LEADER
fixed length control field 00582cam a2200229ua 4500
041 ## - LANGUAGE CODE
Language code of text/sound track or separate title mal
082 ## - DEWEY DECIMAL CLASSIFICATION NUMBER
Classification number 512
Item number NAR/PR
100 ## - MAIN ENTRY--AUTHOR NAME
Personal name Narayanan, C P .
245 ## - TITLE STATEMENT
Title Pre degree bijaganitham /
250 ## - EDITION STATEMENT
Edition statement 1 /
260 ## - PUBLICATION, DISTRIBUTION, ETC. (IMPRINT)
Place of publication Thiruvananthapuram :
Name of publisher State Instititute of Languages ,
Year of publication 1973.
300 ## - PHYSICAL DESCRIPTION
Number of Pages 368 ; .
700 1# - ADDED ENTRY--PERSONAL NAME
Personal name Kochunarayanan, T K .
700 1# - ADDED ENTRY--PERSONAL NAME
Personal name Namboodiri, S S .
942 ## - ADDED ENTRY ELEMENTS (KOHA)
Koha item type Books
Holdings
Withdrawn status Lost status Damaged status Home library Current library Date acquired Full call number Accession Number Koha item type
      KAUAET KAUAET 07/04/2012 512 13861 Books
      KAUAET KAUAET 07/04/2012 512 13862 Books
      KAUAET KAUAET 07/04/2012 512 13863 Books
free website counter